All Stray Kids Songs - Statistics

General Stats
  • This quiz has been taken 2,308 times
    1,358 since last reset
  • The average score is 81 of 176
Answer Stats
Answer % Correct
N/S
97%
Hug Me (I.N)
94%
Mixtape#3
93%
Mixtape#4
93%
Mixtape#1
92%
We Go (Bang Chan, Changbin, HAN)
89%
miss you (Hyunjin)
85%
Mixtape#2
84%
MANIAC
83%
S-Class
83%
Thunderous
83%
CIRCUS
82%
LALALALA
82%
MIROH
81%
TOP - "Tower of God" OP
80%
CASE 143
79%
Christmas EveL
79%
Red Lights (Bang Chan, Hyunjin)
78%
Social Path (ft. LiSA)
75%
ALL IN
74%
God's Menu
74%
YOU.
74%
Hellevator
73%
WHO?
73%
TA
72%
Back Door
71%
CHEESE
70%
MEGAVERSE
70%
Super Bowl
70%
THE SOUND
70%
VENOM
70%
Levanter
69%
DOMINO
68%
Scars
68%
I am YOU
65%
TASTE (Lee Know, Hyunjin, Felix)
64%
TOPLINE (Feat. Tiger JK)
63%
My Universe (Seungmin, I.N)
62%
District 9
61%
3RACHA (Bang Chan, Changbin, HAN)
60%
Charmer
60%
Cover Me
60%
Hall of Fame
60%
FREEZE
59%
Muddy Water (Changbin, Hyunjin, HAN, Felix)
59%
SUPER BOARD
58%
Deep end (Felix)
55%
Leave
55%
Silent Cry
55%
Surfin' (Lee Know, Changbin, Felix)
55%
Easy
54%
My Pace
54%
Side Effects
54%
COMFLEX
53%
DLC
53%
FNF
53%
24 to 25
52%
ITEM
52%
Secret Secret
52%
FAM
51%
WOLFGANG
51%
Can't Stop (Seungmin, I.N)
50%
Winter Falls
50%
Youtiful
50%
CHILL
49%
Drive (Bang Chan, Lee Know)
49%
GET LIT
49%
Give Me Your TMI
49%
Love Untold (Hyunjin)
49%
Mirror
49%
BLIND SPOT
48%
Gone Away (HAN, Seungmin, I.N)
48%
Limbo (Lee Know)
48%
Double Knot
47%
Lonely St.
47%
Collision
46%
Connected (Bang Chan)
46%
Maknae On Top (I.N)
46%
Get Cool
45%
Alien (HAN)
44%
DOODLE (Changbin)
44%
ice.cream (Hyunjin)
44%
Sorry, I Love You
44%
SSICK
44%
The Tortoise and the Hare
44%
Waiting For Us (Bang Chan, Lee Know, Seungmin, I.N)
43%
YAYAYA
43%
Boxer
42%
Mixtape : OH
42%
NOT!
42%
ROCK
42%
The View
42%
Wow (Lee Know, Hyunjin, Felix)
42%
19
41%
Any
41%
RUN (HAN)
40%
Star Lost
40%
Victory Song
40%
Ex
39%
GO LIVE
39%
School Life
39%
Voices
39%
0325
38%
Chronosaurus
38%
Insomnia
38%
Question
38%
SLUMP - "Tower of God" ED
38%
Astronaut
37%
Stars and Raindrops (Seungmin)
37%
Airplane
36%
DLMLU
36%
3rd Eye
35%
Phobia
35%
Awkward Silence
34%
#LoveSTAY
34%
Mixtape : Time Out
34%
Spread My Wings
34%
4419
33%
B ME
33%
Butterflies
33%
Maze of Memories
33%
M.I.A.
33%
Awaken
32%
BEWARE
32%
Grow Up
32%
i hate to admit (Bang Chan)
32%
STOP
32%
Streetlight (Changbin)
32%
Up All Night (Bang Chan, Changbin, Felix, Seungmin)
32%
Battle Ground
31%
Booster
31%
TMT
31%
HaPpY (HAN)
30%
Haven
30%
Hoodie Season
30%
I GOT IT (HAN)
30%
Your Eyes
30%
Close (HAN)
29%
GLOW
29%
Pacemaker
29%
Sunshine
29%
ZONE (Bang Chan, Changbin, HAN)
29%
There
28%
You Can STAY
28%
Because (Changbin, Felix)
27%
Novel
27%
Fairytale
26%
Hero's Soup
26%
Road Not Taken
26%
Another Day
25%
Entrance
25%
My Side
25%
Wish You Back (HAN)
24%
Mixtape : Gone Days
23%
Mixtape : On Track
23%
Placebo
22%
Broken Compass
21%
Lost Me
21%
One Day
21%
WHY?
21%
Behind The Light
19%
CALL
19%
Going Dumb (with Stray Kids)
18%
Piece of a Puzzle (Changbin, Seungmin)
18%
Hello Stranger
17%
All My Life
12%
Mirror Mirror
11%
Here Always (SEUNGMIN of Stray Kids)
9%
Rush (feat. PinkPantheress & Hyunjin of Stray Kids)
7%
Close to You (SEUNGMIN of Stray Kids)
6%
JUST BREATHE - feat. 3RACHA of Stray Kids
6%
Respect
2%
Story That Won't Stop
1%
No matching quizzes found
Score Distribution
Percent of People with Each Score
Percentile by Number Answered
Your Score History
You have not taken this quiz since the last reset